|
|
|
|
| LEADER |
03128nam a2200613 4500 |
| 001 |
ocn937719108 |
| 003 |
OCoLC |
| 005 |
20170124071140.4 |
| 006 |
m o d |
| 007 |
cr cnu|||unuuu |
| 008 |
160209s2016 gw a ob 001 0 ger d |
| 040 |
|
|
|a N$T
|b eng
|e rda
|e pn
|c N$T
|d N$T
|d YDXCP
|d EBLCP
|d DG1
|d OCLCF
|d RECBK
|d COO
|d DEBBG
|d GrThAP
|
| 019 |
|
|
|a 939715855
|
| 020 |
|
|
|a 9783433606568
|q electronic bk.
|
| 020 |
|
|
|a 3433606560
|q electronic bk.
|
| 020 |
|
|
|a 9783433606575
|q electronic bk.
|
| 020 |
|
|
|a 3433606579
|q electronic bk.
|
| 020 |
|
|
|z 9783433031360
|
| 020 |
|
|
|a 3433031363
|
| 020 |
|
|
|a 9783433031360
|
| 020 |
|
|
|a 9783433606582 (eMobi)
|
| 020 |
|
|
|a 3433606587 (eMobi)
|
| 029 |
1 |
|
|a DEBBG
|b BV043738304
|
| 035 |
|
|
|a (OCoLC)937719108
|z (OCoLC)939715855
|
| 050 |
|
4 |
|a TA660.P55
|
| 072 |
|
7 |
|a TEC
|x 009070
|2 bisacsh
|
| 082 |
0 |
4 |
|a 621.8672
|2 23
|
| 049 |
|
|
|a MAIN
|
| 100 |
1 |
|
|a Praetorius, Steffen,
|e author.
|
| 245 |
1 |
0 |
|a Bentonithandbuch :
|b Ringspaltschmierung für den Rohrvortrieb /
|c Steffen Praetorius, Britta Schößer.
|
| 264 |
|
1 |
|a Berlin :
|b Ernst & Sohn, a Wiley brand,
|c [2016]
|
| 300 |
|
|
|a 1 online resource :
|b illustrations.
|
| 336 |
|
|
|a text
|b txt
|2 rdacontent
|
| 337 |
|
|
|a computer
|b c
|2 rdamedia
|
| 338 |
|
|
|a online resource
|b cr
|2 rdacarrier
|
| 490 |
1 |
|
|a Bauingenieur-Praxis
|
| 504 |
|
|
|a Includes bibliographical references and index.
|
| 505 |
0 |
|
|a Grundlagen / Steffen Praetorius, Britta Schößer -- Bentonit und Bentonitsuspensionen / Steffen Praetorius, Britta Schößer -- Additive / Steffen Praetorius, Britta Schößer -- Fachgerechte Herstellung von Bentonitsuspensionen / Steffen Praetorius, Britta Schößer -- Eigenschaften der Suspension und verwendete Messverfahren / Steffen Praetorius, Britta Schößer -- Baugrund und Grundwasser / Steffen Praetorius, Britta Schößer -- Bentonitsuspensionen zur Ringspaltschmierung / Steffen Praetorius, Britta Schößer -- Schmiertechnik / Steffen Praetorius, Britta Schößer -- Berichtswesen / Steffen Praetorius, Britta Schößer -- Listen der erforderlichen Verpressmengen / Steffen Praetorius, Britta Schößer.
|
| 588 |
0 |
|
|a Online resource; title from PDF title page (EBSCO, viewed February 11, 2016).
|
| 650 |
|
0 |
|a Pipelines
|x Design and construction.
|
| 650 |
|
0 |
|a Pipe joints.
|
| 650 |
|
0 |
|a Civil engineering.
|
| 650 |
|
0 |
|a Underground pipelines.
|
| 650 |
|
7 |
|a TECHNOLOGY & ENGINEERING / Mechanical
|2 bisacsh
|
| 650 |
|
7 |
|a Civil engineering.
|2 fast
|0 (OCoLC)fst00862488
|
| 650 |
|
7 |
|a Pipe joints.
|2 fast
|0 (OCoLC)fst01064541
|
| 650 |
|
7 |
|a Pipelines
|x Design and construction.
|2 fast
|0 (OCoLC)fst01064643
|
| 650 |
|
7 |
|a Underground pipelines.
|2 fast
|0 (OCoLC)fst01160966
|
| 655 |
|
4 |
|a Electronic books.
|
| 700 |
1 |
|
|a Schößer, Britta,
|e author.
|
| 776 |
0 |
8 |
|i Print version:
|a Praetorius, Steffen.
|t Bentonithandbuch : Ringspaltschmierung für den rohrvortrieb.
|d Berlin, Germany : Ernst & Sohn, c2016
|h approximately 236 pages
|k Bauingenieur-Praxis.
|z 9783433031360
|
| 830 |
|
0 |
|a Bauingenieur-Praxis.
|
| 856 |
4 |
0 |
|u https://doi.org/10.1002/9783433606568
|z Full Text via HEAL-Link
|
| 994 |
|
|
|a 92
|b DG1
|